Heat transfer (Record no. 3641)

000 -LEADER
fixed length control field 00564nam a2200229 a 4500
001 - CONTROL NUMBER
control field 3641
003 - CONTROL NUMBER IDENTIFIER
control field BD-DhUET
008 - FIXED-LENGTH DATA ELEMENTS--GENERAL INFORMATION
fixed length control field 960506s1997 nyua b 001 0 eng
020 ## - INTERNATIONAL STANDARD BOOK NUMBER
International Standard Book Number 0071143203
020 ## - INTERNATIONAL STANDARD BOOK NUMBER
International Standard Book Number 0078447852
040 ## - CATALOGING SOURCE
Original cataloging agency DLC
Transcribing agency DLC
Modifying agency BD-DhUET
082 00 - DEWEY DECIMAL CLASSIFICATION NUMBER
Classification number 621.011
Item number HOL/1997
100 1# - MAIN ENTRY--PERSONAL NAME
Personal name Holman, J. P.
245 10 - TITLE STATEMENT
Title Heat transfer
250 ## - EDITION STATEMENT
Edition statement 8th ed.
260 ## - PUBLICATION, DISTRIBUTION, ETC. (IMPRINT)
Place of publication, distribution, etc. New York
Name of publisher, distributor, etc. McGraw-Hill
Date of publication, distribution, etc. 1997
300 ## - PHYSICAL DESCRIPTION
Extent xviii, 696 p.
Other physical details ill.
490 ## - SERIES STATEMENT
Series statement Schaum's outline series
504 ## - BIBLIOGRAPHY, ETC. NOTE
Bibliography, etc Includes bibliographies
650 #0 - SUBJECT ADDED ENTRY--TOPICAL TERM
Topical term or geographic name as entry element Heat transfer
942 ## - ADDED ENTRY ELEMENTS (KOHA)
Koha item type General Book
Holdings
Koha full call number Shelving location Piece designation (barcode) Sublocation or collection (holding branch) Copy number Koha issues (times borrowed) Not for loan Withdrawn status Source of classification or shelving scheme Koha item type Damaged status Date acquired Price effective from Koha date last seen Lost status Koha normalized classification for sorting Location (home branch) Koha date last borrowed Koha out on loan
621.011/HOL/1997Circulation section92450Central Library, BUET13   General Book 2014-11-032014-11-032025-04-27 621_011000000000000_HOL_1997Central Library, BUET2025-04-272025-05-11
621.011/HOL/1997Circulation section92452Central Library, BUET2    General Book 2014-11-032014-11-032014-11-03 621_011000000000000_HOL_1997Central Library, BUET  
621.011/HOL/1997Circulation section92453Central Library, BUET3    General Book 2014-11-032014-11-032016-07-30 621_000000000000000_011HOL1997Central Library, BUET  
621.011/HOL/1997Circulation section92454Central Library, BUET41   General Book 2014-11-032014-11-032022-06-08 621_000000000000000_011HOL1997Central Library, BUET2022-01-09 
621.011/HOL/1997Circulation section92455Central Library, BUET52   General Book 2014-11-032014-11-032024-10-28 621_000000000000000_011HOL1997Central Library, BUET2024-10-02 
621.011/HOL/1997Circulation section92457Central Library, BUET63   General Book 2014-11-032014-11-032024-08-31 621_000000000000000_011HOL1997Central Library, BUET2023-12-10 
621.011/HOL/1997Circulation section92459Central Library, BUET7    General Book 2014-11-032014-11-032014-11-03 621_000000000000000_011HOL1997Central Library, BUET  
621.011/HOL/1997Circulation section92460Central Library, BUET81   General Book 2014-11-032014-11-032024-08-28 621_011000000000000_HOL_1997Central Library, BUET2024-03-12 
621.011/HOL/1997Circulation section92461Central Library, BUET91   General Book 2014-11-032014-11-032024-06-22 621_000000000000000_011HOL1997Central Library, BUET2024-04-08 
621.011/HOL/1997Circulation section92462Central Library, BUET105   General Book 2014-11-032014-11-032025-03-12 621_000000000000000_011HOL1997Central Library, BUET2024-12-10 
621.011/HOL/1997Circulation section92464Central Library, BUET111   General Book 2014-11-032014-11-032017-05-03 621_000000000000000_011HOL1997Central Library, BUET2015-03-04 
621.011/HOL/1997Circulation section92465Central Library, BUET123   General Book 2014-11-032014-11-032019-07-10 621_000000000000000_011HOL1997Central Library, BUET2019-06-17 
621.011/HOL/1997Circulation section92466Central Library, BUET133   General Book 2014-11-032014-11-032022-06-08 621_000000000000000_011HOL1997Central Library, BUET2022-05-24 
621.011 HOL/1997Circulation section92468Central Library, BUET14    General Book 2015-04-122015-04-122015-04-12 621_011000000000000_HOL_1997Central Library, BUET  
621.011/HOL/1997Reading section92447Central Library, BUET15    Reading Item 2015-07-022015-07-022015-07-02 621_011000000000000_HOL_1997Central Library, BUET  
621.011/HOL/1997Reading section92446Central Library, BUET16    Reading Item 2015-07-092015-07-092015-07-09 621_011000000000000_HOL_1997Central Library, BUET